000 00572cam a2200193 4500500
005 20260405003459.0
041 _afre
042 _adc
100 1 0 _aDurand, Jean-Marie
_eauthor
245 0 0 _aLa Perspective du possible
260 _c2022.
500 _a17
690 _aÉmancipation
690 _aLaurent Jeanpierre
690 _aPossibles
690 _aUtopie
786 0 _nPhilosophie magazine | 157 | 3 | 2022-03-01 | p. 66-66 | 1951-1787
856 4 1 _uhttps://shs.cairn.info/magazine-philosophie-magazine-2022-3-page-66?lang=fr&redirect-ssocas=7080
999 _c2067962
_d2067962